000 00463nam a22001937a 4500
003 MPLRDC
005 20220104113803.0
008 210129b ||||| |||| 00| 0 eng d
020 _a962-451-094-6
082 _a848.4 ZAL-2 v.10
100 _a张爱玲
245 _a海上花开
_c
250 _a初版一刷
260 _a
_b皇冠出版社
_c1992
300 _b
490 _a皇冠丛书;2048
650 _a现代别集
942 _cBK
_o848.4 ZAL-2 v.10
999 _c2353
_d2343